000 00580nam a2200169 a 4500
001 000039319
005 20201002031607.0
008 130621s2011 dr a 000 0 spa d
020 _a9789945882407
040 _aDO-SdBNP
_bspa
_cBNPHU
245 0 0 _aEstrategia de monitoreo para especies amenazadas de la reserva de biosfera :
_bJaragua-Bahoruco-Enriquillo.
260 _aSanto Domingo :
_bGrupo Jaragua,
_c2011.
300 _a78 p. :
_bils. ;
_c29 cm.
500 _aIncluye notas al pie de las páginas
500 _aIncluye referencias bibliográficas
500 _aIncluye anexos
999 _c38809
_d38809